|
|
|
|
| LEADER |
00687cam a2200181 7i4500 |
| 001 |
0000047570 |
| 005 |
20191231090000.0 |
| 020 |
|
|
|a 0195804198 (hbk.)
|
| 090 |
0 |
0 |
|a DS595.2.B74
|b B88 1979
|
| 100 |
1 |
|
|a Butcher, John G
|
| 245 |
1 |
4 |
|a The British in Malaya 1880-1941 :
|b the social history of a European community in colonial South-East Asia
|c John G. Butcher.
|
| 260 |
|
|
|a Kuala Lumpur:
|b Oxford University Press,
|c 1979.
|
| 300 |
|
|
|a 293 p.
|
| 500 |
|
|
|a Gift: Zainol Ahmad Resource Center
|
| 650 |
0 |
0 |
|a British --
|z Malaysia --
|z Malaya
|
| 650 |
0 |
0 |
|a Europeans --
|z Malaysia --
|z Malaya
|
| 651 |
|
0 |
|a Malaya --
|x Social conditions
|
| 999 |
|
|
|a 0000068290
|b BOK
|c OPEN SHELF
|e 1st Floor, Bestari Jaya
|